Zlepšiť investorskú a projektovú prípravu výňatok z diskusného príspevku Ing. Ivana Lukáča, riaditeľa PS v B. Bystrici, na štvrtkovom pléne SKV KSS

Bibliographic Details
Main Author: Lukáč, Ivan (Author)
Format: Article
Language:Slovak
Subjects:

MARC

LEADER 00000nab a2200000 a 4500
001 vtls008943684
003 SK-MaSNL
005 20260305042200.0
008 060727 19770413xo d 000 0 slo
015 |a SNBRB1977 
040 |a SNKBUCL  |b slo  |c SNKBUCL  |e AACR2 
041 0 |a slo 
044 |a xo  |c SK 
080 |a 329.15(437.6)  |2 2001 
080 |a 69(437.6)  |2 2001 
100 1 |a Lukáč, Ivan  |4 aut  |9 268255 
245 1 0 |a Zlepšiť investorskú a projektovú prípravu  |b výňatok z diskusného príspevku Ing. Ivana Lukáča, riaditeľa PS v B. Bystrici, na štvrtkovom pléne SKV KSS  |c Ivan Lukáč 
610 2 7 |a Komunistická strana Slovenska.  |b Stredoslovenský krajský výbor  |2 snkbucl  |9 233029 
650 0 7 |a stavebníctvo  |2 snkbucl  |9 726 
651 7 |a Stredoslovenský kraj (Slovensko)  |2 snkbucl  |9 161135 
773 0 |t Smer  |g (13.4.1977), s. 5 
999 |c 3347166  |d 3349096